书目信息 |
| 题名: |
新编常用电子管速查手册
|
|
| 作者: | ;新编常用电子管速查手册编写组 编 | |
| 分册: | ||
| 出版信息: | 北京 机械工业出版社 2016.08 |
|
| 页数: | 17,365页 | |
| 开本: | 26cm | |
| 丛书名: | ||
| 单 册: | ||
| 中图分类: | TN11-62 | |
| 科图分类: | ||
| 主题词: | 电子管--手册 | |
| 电子资源: | ||
| ISBN: | 978-7-111-54365-7 | |
| 000 | 01096nam0 2200253 450 | |
| 001 | 0100004524 | |
| 005 | 20160829110553. | |
| 010 | @a978-7-111-54365-7@dCNY79.00 | |
| 100 | @a20160829d2016 em y0chiy50 ea | |
| 101 | 0 | @achi |
| 102 | @aCN@b110000 | |
| 105 | @aak z 000yy | |
| 106 | @ar | |
| 200 | 1 | @a新编常用电子管速查手册@Axin bian chang yong dian zi guan su cha shou ce@f本书编写组编 |
| 205 | @a3版 | |
| 210 | @a北京@c机械工业出版社@d2016.08 | |
| 215 | @a17,365页@c图@d26cm | |
| 330 | @a本书首先以问答的形式和快学速查的方式,介绍了电子管的基础知识与实用知识,然后介绍了一些电子管的主要参数、功能名称、封装特点、基础电路与应用电路等,从而满足读者快学电子管知识、速查电子管资料的目的。本书具有内容全面、查阅简单、携带方便的特点,是一本集电子管知识学习与资料速查的读物。 | |
| 333 | @a电子管应用领域人员(胆机发烧友、音响调音人员等)及电子技术爱好者 | |
| 606 | 0 | @a电子管@j手册 |
| 690 | @aTN11-62@v5 | |
| 711 | 02 | @a新编常用电子管速查手册编写组@Axin bian chang yong dian zi guan su cha shou ce bian xie zu@4编 |
| 801 | 0 | @aCN@c201701015 |
| 905 | @a河南城建学院图书馆@dTN11-62@eX532=3 | |
| 新编常用电子管速查手册/本书编写组编.-3版.-北京:机械工业出版社,2016.08 |
| 17,365页:图;26cm |
| 使用对象:电子管应用领域人员(胆机发烧友、音响调音人员等)及电子技术爱好者 |
| ISBN 978-7-111-54365-7:CNY79.00 |
| 本书首先以问答的形式和快学速查的方式,介绍了电子管的基础知识与实用知识,然后介绍了一些电子管的主要参数、功能名称、封装特点、基础电路与应用电路等,从而满足读者快学电子管知识、速查电子管资料的目的。本书具有内容全面、查阅简单、携带方便的特点,是一本集电子管知识学习与资料速查的读物。 |
| ● |
| 相关链接 |
|
|
|
正题名:新编常用电子管速查手册
索取号:TN11-62/X532=3
 
预约/预借
| 序号 | 登录号 | 条形码 | 馆藏地/架位号 | 状态 | 备注 |
| 1 | 1363880 | 213638802 | 自科库301/301自科库 25排1列5层/ [索取号:TN11-62/X532=3] | 在馆 | |
| 2 | 1363881 | 213638811 | 自科库301/301自科库 25排1列5层/ [索取号:TN11-62/X532=3] | 在馆 |